Немой свидетель (Запись № 6929549)

Подробности
000 -МАРКЕР
контрольное поле 02320nam0a22003971 4500
001 - ИДЕНТИФИКАТОР ЗАПИСИ
контрольное поле rc\100876
005 - ИДЕНТИФИКАТОР ВЕРСИИ
контрольное поле 20260406043527.0
010 ## - МЕЖДУНАРОДНЫЙ СТАНДАРТНЫЙ НОМЕР КНИГИ (ISBN)
Номер (ISBN) 5-89108-012-5
Тираж 2000
021 ## - НОМЕР ГОСУДАРСТВЕННОЙ РЕГИСТРАЦИИ
Код страны Российская Федерация
Номер 98-3525
Номер Листа государственной регистраци 169
035 ## - ДРУГИЕ СИСТЕМНЫЕ НОМЕРА
Идентификатор записи (NLR Aleph) 005364097
100 ## - ДАННЫЕ ОБЩЕЙ ОБРАБОТКИ
Данные общей обработки 20021216d1997 |||y0rusy50 ca
101 0# - ЯЗЫК РЕСУРСА
Язык текста, звукозаписи и т.д. русский
102 ## - СТРАНА ПУБЛИКАЦИИ ИЛИ ПРОИЗВОДСТВА
Страна публикации Российская Федерация
105 ## - ПОЛЕ КОДИРОВАННЫХ ДАННЫХ: ТЕКСТОВЫЕ МАТЕРИАЛЫ, МОНОГРАФИЧЕСКИЕ
Кодированные данные о монографическом текстовом документе y |||||||||
200 1# - ЗАГЛАВИЕ И СВЕДЕНИЯ ОБ ОТВЕТСТВЕННОСТИ
Основное заглавие Немой свидетель
Сведения, относящиеся к заглавию [Сб.]
Первые сведения об ответственности Сергей Курехин
Последующие сведения об ответственности [Благотвор. фонд Сергея Курехина]
210 ## - ПУБЛИКАЦИЯ, РАСПРОСТРАНЕНИЕ И ДР.
Место издания, распространения и т.д. СПб.
Имя издателя, распространителя и т. д. Альманах "Петрополь"
-- Благотвор. фонд Сергея Курехина
Дата издания, распространения и т.д. 1997
215 ## - ФИЗИЧЕСКАЯ ХАРАКТЕРИСТИКА
Специфическое обозначение материала и объем 127 с.
Размеры 16
327 1# - ПРИМЕЧАНИЯ О СОДЕРЖАНИИ
Текст примечания Содерж.: Интервью с самим собой; Путешествие по России...; Пять дней из Жизни барона Врангеля: Либретто драм. оперы в 5 актах; Немой свидетель; Пророк и святость: Лит. сценарий / С. Курехин, С. Дебижев; Дети - наше будущее С. Курехин, М. Болотовский
464 #0 - АНАЛИТИЧЕСКИЙ УРОВЕНЬ
Встроенное поле 2001#$aИнтервью с самим собой
Заглавие Интервью с самим собой
464 #0 - АНАЛИТИЧЕСКИЙ УРОВЕНЬ
Встроенное поле 2001#$aПутешествие по России...
Заглавие Путешествие по России...
464 #0 - АНАЛИТИЧЕСКИЙ УРОВЕНЬ
Встроенное поле 2001#$aПять дней из Жизни барона Врангеля
Заглавие Пять дней из Жизни барона Врангеля
464 #0 - АНАЛИТИЧЕСКИЙ УРОВЕНЬ
Встроенное поле 2001#$aНемой свидетель
Заглавие Немой свидетель
464 #0 - АНАЛИТИЧЕСКИЙ УРОВЕНЬ
Встроенное поле 2001#$aПророк и святость$bС.
Заглавие Пророк и святость
464 #0 - АНАЛИТИЧЕСКИЙ УРОВЕНЬ
Встроенное поле 2001#$aДети - наше будущее
Заглавие Дети - наше будущее
686 ## - ИНДЕКСЫ ДРУГИХ КЛАССИФИКАЦИЙ
Индекс Ш6(2=Р)75я44
700 #1 - ИМЯ ЛИЦА - ПЕРВИЧНАЯ ОТВЕТСТВЕННОСТЬ
Графика поля Кириллица
Материалы, к которым относится поле rus
Начальный элемент ввода Курехин
Часть имени, кроме начального элемента ввода С. А.
Даты 1954-1996
Расширение инициалов личного имени Сергей Анатольевич
Системный номер авторитетной/нормативной записи 113463
Идентификатор авторитетной/нормативной записи RU\NLR\AUTH\773467
701 #1 - ИМЯ ЛИЦА - АЛЬТЕРНАТИВНАЯ ОТВЕТСТВЕННОСТЬ
Графика поля Кириллица
Материалы, к которым относится поле rus
Начальный элемент ввода Дебижев
Часть имени, кроме начального элемента ввода С. Г.
Даты 1957-
Расширение инициалов личного имени Сергей Геннадьевич
Системный номер авторитетной/нормативной записи 113542
Идентификатор авторитетной/нормативной записи RU\NLR\AUTH\773546
701 #1 - ИМЯ ЛИЦА - АЛЬТЕРНАТИВНАЯ ОТВЕТСТВЕННОСТЬ
Графика поля Кириллица
Материалы, к которым относится поле rus
Начальный элемент ввода Болотовский
Часть имени, кроме начального элемента ввода М.
Расширение инициалов личного имени Михаил
Системный номер авторитетной/нормативной записи 113568
Идентификатор авторитетной/нормативной записи RU\NLR\AUTH\773573
801 #0 - ИСТОЧНИК ЗАПИСИ
Страна Российская Федерация
Организация NLR
Правила каталогизации psbo
801 #1 - ИСТОЧНИК ЗАПИСИ
Страна Российская Федерация
Организация ELAR
Источник данных rusmarc
852 ## - МЕСТОНАХОЖДЕНИЕ И ШИФР ХРАНЕНИЯ
Идентификатор организации NLR
Шифр хранения (Call Number) 98-2/514
942 ## - ДОПОЛНИТЕЛЬНЫЕ ЭЛЕМЕНТЫ ЗАПИСИ (АБИС)
Тип экземпляра АБИС Книга
980 ## - КОЛЛЕКЦИЯ
Название коллекции Национальная библиография
Экземпляры
Тип экземпляра Дата поступления Библиотека постоянного хранения Библиотека текущего хранения Место хранения Шифр хранения Штрих-код Статус экземпляра
Книга 26.10.2013 РНБ (Московский) РНБ (Московский) Русский книжный фонд: издания с 1957 года 98-2/514 1-4226279  
Книга 26.10.2013 РНБ (Московский) РНБ (Московский) Русский книжный фонд: издания с 1957 года 98-2/514 3621-10